| 000 | 00532nam a22001937a 4500 | ||
|---|---|---|---|
| 005 | 20230207114149.0 | ||
| 008 | 230207b ||||| |||| 00| 0 eng d | ||
| 020 | _az0023397802 | ||
| 040 | _cAL | ||
| 041 | _aEnglish | ||
| 082 |
_223 _a339 _bFROM |
||
| 100 |
_aRichard T Froyen _971014 |
||
| 245 | _aMacroeconomics : Theories and Policies | ||
| 260 |
_aNew York _bMacmillan Publishing Co Inc _c1983 |
||
| 300 |
_a611 p. _bHB _c23x19 cm. |
||
| 650 |
_aEconomics _971015 |
||
| 700 |
_aFROYEN (Richard T) _971016 |
||
| 942 |
_2ddc _cDB |
||
| 999 |
_c226589 _d226589 |
||